All-Star Cast Movies #2 - Statistics

General Stats
  • This quiz has been taken 64 times
  • The average score is 7 of 15
Answer Stats
Cast Movie % Correct
Cillian Murphy Emily Blunt Robert Downey Jr. Florence Pugh Matt Damon Kenneth Branagh Josh Hartnett Casey Affleck Rami Malek Benny Safdie Jason Clarke James D'Arcy David Dastmalchian Dane DeHaan Alden Ehrenreich Tony Goldwyn Alex Wolff Josh Peck Jack Quaid Gary Oldman Oppenheimer
93%
Leonardo DiCaprio Margot Robbie Matthew McConaughey Jonah Hill Kyle Chandler Rob Reiner Jon Bernthal Jon Favreau Joanna Lumley Shea Whigham Kenneth Choi Spike Jonze Thomas Middleditch The Wolf of Wall Street
80%
Chris HemsworthTom Hiddleston Cate Blanchett Anthony Hopkins Idris Elba Benedict Cumberbatch Sam Neill Karl Urban Tessa Thompson Luke Hemsworth Matt Damon Taika Waititi Rachel House Ray Stevenson Zachary Levi Jeff Goldblum Mark Ruffalo Stan Lee Clancy Brown Scarlett Johansson Rhys Darby Thor: Ragnarok
77%
Daniel CraigChris Evans Ana de Armas Jamie Lee Curtis Joseph Gordon-Levitt Michael Shannon Don Johnson Frank Oz Christopher Plummer Toni Collette M. Emmett Walsh Knives Out
66%
Daisy Ridley Oscar Isaac John Boyega Keri Russell Mark Hamill Carrie Fisher Adam Driver Ian McDiarmid Frank Oz Anthony Daniels Billy Dee Williams Harrison Ford Liam Neeson Samuel L. Jackson Ewan McGregor Ashley Eckstein Domhnall Gleeson Richard E. Grant Lupita Nyong'o Kelly Marie Tran Billie Lourd Greg Grunberg Dominic Monaghan J.J. Abrams Jodie Comer Warwick David John Williams Kevin Smith Jeff Garlin Andy Serkis Michael Giacchino Hayden Christiansen Lin-Manuel Miranda Alec Guinness James Earl Jones Freddie Prinze Jr. Ed Sheeran Karl Urban Star Wars: Episode IX: The Rise of Skywalker
66%
Tom CruiseHayley Atwell Simon Pegg Ving Rhames Rebecca Ferguson Pom Klementieff Shea Whigham Vanessa Kirby Esai Morales Henry Czerny Cary Elwes Rob Delaney Mission: Impossible: Dead Reckoning
59%
Shameik MooreHailee Steinfeld Jake Johnson Oscar Isaac Issa Rae Shea Whigham Brian Tyree Henry Jason Schwartzman Daniel Kaluuya Jorma Taccone Andy Samberg Mahershala Ali John Mulaney Nicolas Cage J.K. Simmons Jack Quaid Donald Glover Tobey Maguire Andrew Garfield Emma Stone Kirsten Dunst Cliff Robertson Dennis Leary Alfred Molina Spider-Man: Across the Spider-Verse
59%
Leonardo DiCaprio Brad Pitt Margot Robbie Emile Hirsch Margaret Qualley Timothy Olyphant Julia Butters Austin Butler Maya Hawke Bruce Dern Dakota Fanning Al Pacino Nicholas Hammond Sydney Sweeney Harley Quinn Smith Scoot McNairy Kurt Russell Corey Burton Quentin Tarantino Martin Kove James Marsden Tim Roth Walton Goggins Once Upon A Time in Hollywood
55%
Sam Worthington Zoe Saldana Sigourney Weaver Kate Winslet Jemaine Clement Stephen Lang Joel David Moore Edie Falco Chloe Coleman Giovanni Ribisi Avatar: The Way of Water
50%
Ben StillerOwen Wilson Will Ferrell Penelope Cruz Kristen Wiig Fred Armisen Milla Jovovich Justin Theroux Billy Zane Sting Benedict Cumberbatch Jerry Stiller Katy Perry Justin Bieber Neil DeGrasse Tyson Tommy Hilfinger Ariana Grande John Malkovich Kiefer Sutherland ASAP Rocky Alexander Skarsgard Kate Moss Katie Couric Matt Lauer Don Lemon Andy Dick Willie Nelson Susan Sarandon Joe Jonas Lewis Hamilton Stephen Hawking Zoolander 2
41%
Danny TrejoMichelle Rodriguez Sofia Vergara Vanessa Hudgens Amber Heard Jessica Alba Lady Gaga Mel Gibson William Sadler Elon Musk Walton Goggins Cuba Gooding Jr. Alexa PenaVega Antonio Banderas Machete Kills
27%
Bill MurrayJeff Goldblum Tilda Swinton Jason Schwartzman Willem Dafoe Edward Norton Ralph Fiennes Tony Revolori F. Murray Abraham Adrien Brody Saoirse Ronan Harvey Keitel Jude Law Owen Wilson Lea Seydoux Lucas Hedges The Grand Budapest Hotel
27%
John C. ReillySarah Silverman Gal Gadot Taraj P. Henson Jack McBrayer Jane Lynch Alan Tudyk Alfred Molina Idina Menzel Mandy Moore Kristen Bell Auli'i Cravalho Brad Garrett Corey Burton Anthony Daniels Vin Diesel Michael Giacchino Tim Allen Bill Hader DanTDM Sean Giambrone Ali Wong Rich Moore Phil Johnston Nicole Scherzinger Colleen Ballinger Ralph Breaks the Internet
20%
James FrancoDave Franco Zac Efron Seth Rogen Alison Brie Jacki Weaver Paul Scheer Josh Hutcherson Megan Mullally Jason Mantzoukas Sharon Stone Melanie Griffith Hannibal Buress Bob Odenkirk Judd Apatow Kristen Bell Ike Barinholtz Adam Scott Kevin Smith J.J. Abrams Lizzy Caplan Keegan-Michael Key Danny McBride Zoey Deutch Randall Park Bryan Cranston Tommy Wiseau The Disaster Artist
16%
Keith DavidZoe Saldana James Marsden Peter Dinklage Donald Glover Regina Hall Kevin Hart Chris Rock Martin Lawrence Tracy Morgan Luke Wilson Death at A Funeral
13%
No matching quizzes found
Score Distribution
Percent of People with Each Score
Percentile by Number Answered
Your Score History
You have not taken this quiz